| 000 | 00455cam a2200181ua 4500 | ||
|---|---|---|---|
| 020 | _c150.00 | ||
| 041 |
_aeng _h |
||
| 082 |
_a025.42 _bKRI/TH |
||
| 100 | _aKrishna, Kumar . | ||
| 245 |
_aTheory of classification / _cKrishna Kumar. _hTextual Documents |
||
| 250 |
_a1 / _b. |
||
| 260 |
_aNew Delhi : _bVikas publishing house pvt ltd , _c1985. |
||
| 300 | _a538 ; . | ||
| 365 | _a150.00 | ||
| 504 | _a | ||
| 942 | _cBK | ||
| 999 |
_c5746 _d5746 |
||